[Event "ONJK-A 2019"]
[Site "Borne"]
[Date "2019.08.10"]
[Round "9.10"]
[White "Emans, Job"]
[Black "Vleming, Stefan"]
[Result "1-0"]
[WhiteElo "2089"]
[BlackElo "1760"]
[Annotator "NA"]
[PlyCount "73"]
[EventDate "2019.08.05"]
[EventType "swiss"]
[EventCountry "NED"]
[SourceTitle "playchess.com"]
[Source "ChessBase"]
[SourceQuality "1"]
[TimeControl "5400+30"]

1. d4 {[%emt 0:00:00]} Nf6 {[%emt 0:00:00]} 2. c4 {[%emt 0:00:00]} c5 {[%emt 0:00:00]} 3. d5 {[%emt 0:00:00]} b5 {[%emt 0:00:00]} 4. cxb5 {[%emt 0:00:00]} a6 {[%emt 0:00:00]} 5. b6 {[%emt 0:00:00]} Qxb6 {[%emt 0:03:07]} 6. Nc3 {[%emt 0:00:15]} g6 {[%emt 0:00:10]} 7. e4 {[%emt 0:00:31]} d6 {[%emt 0:02:21]} 8. a4 {[%emt 0:00:58]} Bg7 {[%emt 0:02:17]} 9. a5 {[%emt 0:01:24]} Qc7 {[%emt 0:01:10]} 10. Nf3 {[%emt 0:00:21]} O-O {[%emt 0:00:20]} 11. Bc4 {[%emt 0:08:27]} Bb7 {[%emt 0:04:50]} 12. O-O {[%emt 0:01:52]} Nbd7 {[%emt 0:01:00]} 13. h3 {[%emt 0:00:29]} Rae8 {[%emt 0:01:59]} 14. Qe2 {[%emt 0:02:22]} Qc8 {[%emt 0:00:35]} 15. Bf4 {[%emt 0:00:51]} Nb8 {[%emt 0:13:45]} 16. Rfe1 {[%emt 0:05:02]} Qc7 {[%emt 0:02:05]} 17. Qd3 {[%emt 0:01:44]} Rd8 {[%emt 0:01:06]} 18. Bh2 {[%emt 0:06:23]} Rfe8 {[%emt 0:00:38]} 19. e5 {[%emt 0:09:18]} Nfd7 {[%emt 0:05:19]} 20. Ng5 {[%emt 0:09:36]} Bxe5 {[%emt 0:04:23]} 21. Bxe5 {[%emt 0:00:39]} Nxe5 {[%emt 0:00:05]} 22. Rxe5 {[%emt 0:00:09]} dxe5 {[%emt 0:00:24]} 23. Nxf7 {[%emt 0:00:11]} Rd6 {[%emt 0:01:04]} 24. Nxd6 {[%emt 0:01:12]} exd6 {[%emt 0:00:02]} 25. Ne4 {[%emt 0:00:46]} Rf8 {[%emt 0:01:15]} 26. Ra3 {[%emt 0:02:57]} Bc8 {[%emt 0:03:53]} 27. g4 {[%emt 0:01:32]} Rf4 {[%emt 0:01:42]} 28. Rb3 {[%emt 0:11:33]} h5 {[%emt 0:04:12]} 29. Ng5 {[%emt 0:02:42]} Kg7 {[%emt 0:00:40]} 30. gxh5 {[%emt 0:01:17]} Bf5 {[%emt 0:01:10]} 31. Ne6+ {[%emt 0:00:25]} Bxe6 {[%emt 0:00:10]} 32. Qxg6+ {[%emt 0:00:04]} Kf8 {[%emt 0:01:43]} 33. dxe6 {[%emt 0:08:29]} Nc6 {[%emt 0:01:04]} 34. h6 {[%emt 0:05:19]} Qe7 {[%emt 0:05:09]} 35. h7 {[%emt 0:01:05]} Qg7 {[%emt 0:00:39]} 36. e7+ {[%emt 0:00:03]} Nxe7 {[%emt 0:00:24]} 37. Rb8+ {[%emt 0:00:04]} 1-0

[Event "ONJK-A 2019"]
[Site "Borne"]
[Date "2019.08.10"]
[Round "9.11"]
[White "Akulova, Alicia"]
[Black "Hofstra, Tijmen"]
[Result "1-0"]
[WhiteElo "1702"]
[BlackElo "1732"]
[Annotator "NA"]
[PlyCount "63"]
[EventDate "2019.08.05"]
[EventType "swiss"]
[EventCountry "NED"]
[SourceTitle "playchess.com"]
[Source "ChessBase"]
[SourceQuality "1"]
[TimeControl "5400+30"]

1. e4 {[%emt 0:13:08]} c5 {[%emt 0:00:10]} 2. Nf3 {[%emt 0:00:11]} e6 {[%emt 0:00:06]} 3. d4 {[%emt 0:00:06]} cxd4 {[%emt 0:00:06]} 4. Nxd4 {[%emt 0:00:06]} Bc5 {[%emt 0:00:04]} 5. Nb3 {[%emt 0:05:31]} Bb6 {[%emt 0:00:05]} 6. c4 {[%emt 0:01:15]} Ne7 {[%emt 0:00:10]} 7. Nc3 {[%emt 0:00:32]} O-O {[%emt 0:00:14]} 8. Be2 {[%emt 0:01:34]} f5 {[%emt 0:00:06]} 9. c5 {[%emt 0:06:45]} Bc7 {[%emt 0:00:07]} 10. O-O {[%emt 0:06:22]} a6 {[%emt 0:01:21]} 11. f4 {[%emt 0:06:31]} b6 {[%emt 0:03:00]} 12. e5 {[%emt 0:04:46]} bxc5 {[%emt 0:00:09]} 13. Nxc5 {[%emt 0:00:21]} Bb6 {[%emt 0:00:04]} 14. Qd6 {[%emt 0:01:05]} Bc7 {[%emt 0:00:54]} 15. Qd3 {[%emt 0:02:36]} Nbc6 {[%emt 0:00:51]} 16. a3 {[%emt 0:04:37]} d6 {[%emt 0:06:07]} 17. exd6 {[%emt 0:03:51]} Qxd6 {[%emt 0:00:18]} 18. Qxd6 {[%emt 0:02:57]} Bxd6 {[%emt 0:00:06]} 19. Be3 {[%emt 0:01:21]} Ng6 {[%emt 0:06:30]} 20. Rfd1 {[%emt 0:08:53]} Bxf4 {[%emt 0:00:25]} 21. Bxf4 {[%emt 0:00:24]} Nxf4 {[%emt 0:00:05]} 22. Bf3 {[%emt 0:00:16]} Rb8 {[%emt 0:02:09]} 23. Bxc6 {[%emt 0:01:03]} Rxb2 {[%emt 0:00:02]} 24. Nd3 {[%emt 0:09:12]} Rb3 {[%emt 0:01:35]} 25. Nxf4 {[%emt 0:01:44]} Rxc3 {[%emt 0:00:09]} 26. Rd6 {[%emt 0:02:01]} Kf7 {[%emt 0:02:50]} 27. a4 {[%emt 0:03:10]} Ke7 {[%emt 0:00:21]} 28. Rad1 {[%emt 0:00:52]} Rc4 {[%emt 0:00:55]} 29. Nh5 {[%emt 0:02:55]} g6 {[%emt 0:00:15]} 30. Rd7+ {[%emt 0:00:24]} Bxd7 {[%emt 0:00:13]} 31. Rxd7+ {[%emt 0:00:04]} Ke8 {[%emt 0:00:14]} 32. Ng7# {[%emt 0:00:04]} 1-0

[Event "ONJK-A 2019"]
[Site "Borne"]
[Date "2019.08.10"]
[Round "9.12"]
[White "Nies, Levi"]
[Black "Butzen, Robin"]
[Result "0-1"]
[WhiteElo "1516"]
[BlackElo "1967"]
[Annotator "NA"]
[PlyCount "46"]
[EventDate "2019.08.05"]
[EventType "swiss"]
[EventCountry "NED"]
[SourceTitle "playchess.com"]
[Source "ChessBase"]
[SourceQuality "1"]
[TimeControl "5400+30"]

1. e4 {[%emt 0:00:00]} c5 {[%emt 0:00:00]} 2. Nc3 {[%emt 0:00:00]} a6 {[%emt 0:00:00]} 3. f4 {[%emt 0:00:00]} b5 {[%emt 0:00:00]} 4. Nf3 {[%emt 0:00:49]} Bb7 {[%emt 0:00:00]} 5. d3 {[%emt 0:01:17]} e6 {[%emt 0:00:28]} 6. g3 {[%emt 0:01:46]} d5 {[%emt 0:00:24]} 7. exd5 {[%emt 0:05:17]} exd5 {[%emt 0:01:14]} 8. Bg2 {[%emt 0:02:10]} Nf6 {[%emt 0:00:09]} 9. O-O {[%emt 0:02:07]} Be7 {[%emt 0:01:37]} 10. f5 {[%emt 0:05:43]} O-O {[%emt 0:00:50]} 11. Bf4 {[%emt 0:02:07]} d4 {[%emt 0:04:14]} 12. Ne2 {[%emt 0:01:19]} Nbd7 {[%emt 0:03:01]} 13. h3 {[%emt 0:02:37]} Nd5 {[%emt 0:17:43]} 14. Bd2 {[%emt 0:13:40]} Bd6 {[%emt 0:01:24]} 15. Ng5 {[%emt 0:04:46]} N7f6 {[%emt 0:05:35]} 16. Nf4 {[%emt 0:05:08]} Ne3 {[%emt 0:11:35]} 17. Bxe3 {[%emt 0:03:05]} Bxg2 {[%emt 0:00:19]} 18. Kxg2 {[%emt 0:00:03]} dxe3 {[%emt 0:00:06]} 19. Qe2 {[%emt 0:01:50]} Bxf4 {[%emt 0:04:02]} 20. Rxf4 {[%emt 0:00:23]} Nd5 {[%emt 0:00:15]} 21. Rg4 {[%emt 0:03:32]} h5 {[%emt 0:00:40]} 22. Nxf7 {[%emt 0:03:56]} Rxf7 {[%emt 0:00:16]} 23. Rh4 {[%emt 0:00:30]} Qxh4 {[%emt 0:01:13]} 0-1